Focus: (Record no. 38289)

MARC details
000 -LEADER
fixed length control field 00731nam a22002057a 4500
005 - DATE AND TIME OF LATEST TRANSACTION
control field 2010072205365.0
010 ## - LCCN (DPL NO)
LC control number ENG-97362
020 ## - INTERNATIONAL STANDARD BOOK NUMBER
Terms of availability 325.00
International Standard Book Number 9788131730775
035 ## - SYSTEM CONTROL NUMBER
System control number EN-80895
037 ## - SOURCE OF ACQUISITION
Source of stock number/acquisition DBAD/VEN
082 ## - DEWEY DECIMAL CLASSIFICATION NUMBER
Classification number 153.733
100 ## - MAIN ENTRY--PERSONAL NAME
Personal name Wolff, Jurgen
245 ## - TITLE STATEMENT
Title Focus:
Statement of responsibility, etc by Jurgen Wolff
Remainder of title the power of targeted thinking /
260 ## - PUBLICATION, DISTRIBUTION, ETC. (IMPRINT)
Place of publication, distribution, etc Noida
Name of publisher, distributor, etc Dorling Kindersley (India)
Date of publication, distribution, etc 2010
270 ## - ADDRESS
Address 7th Floor, Knowledge Boulevard, A-8(A) Sector-62,
City Noida
Postal code 201309
300 ## - PHYSICAL DESCRIPTION
Extent xv, 231p
Dimensions 22cm (pbk)
942 ## - ADDED ENTRY ELEMENTS (KOHA)
Source of classification or shelving scheme Dewey Decimal Classification
Item type English Books
Call number suffix WOL
Classification part 153.733
Holdings
Withdrawn status Lost status Not for loan Collection code Home library Current library Date acquired Source of acquisition Cost, normal purchase price Full call number Barcode Copy number Cost, replacement price Koha item type
    Not For Loan Non-fiction D.B.Act.Division D.B.Act.Division 30/07/2010 DBAD/VEN 325.00 153.733 WOL EN-80895 1 325.00 English Books

© Delhi Public Library
Hit Counter
free hit counter